[Event "Charleroi op"]
[White "Sarrau, Jelle"]
[Black "Goffart, Nicolas"]
[Site "Charleroi"]
[Round "1"]
[Result "1-0"]
[Date "2012.07.28"]
[WhiteElo "2306"]
[BlackElo "1761"]
[PlyCount "57"]
[EventDate "2012.07.28"]
[EventType "swiss"]
[EventRounds "9"]
[EventCountry "BEL"]
[SourceTitle "CBM 149 Extra"]
[Source "ChessBase"]
[SourceDate "2012.08.24"]
[SourceVersion "1"]
[SourceVersionDate "2012.08.24"]
[SourceQuality "1"]

1. d4 d5 2. c4 c6 3. Nf3 Nf6 4. Nc3 e6 5. Bg5 Nbd7 6. cxd5 exd5 7. e3 Qc7 8. Bd3 Bd6 9. 0-0 0-0 10. Qc2 h6 11. Bh4 Re8 12. Rab1 a5 13. Rfc1 Qb8 14. Bf5 Nh5 15. Na4 Qc7 16. a3 g5 17. Bg3 Nxg3 18. hxg3 Nf6 19. Nc3 Kg7 20. Nd2 Bxf5 21. Qxf5 Bxg3 22. fxg3 Qxg3 23. Nf1 Qd6 24. Rc2 Re7 25. Rf2 Rae8 26. Re1 b5 27. Rf3 Nh7 28. Ng3 Nf6 29. Qxf6+ 1-0